• 首页
  • 本馆介绍
  • 公告通知
  • 最新文献
  • 馆藏检索
  • 电子资源
  • 读者导购
  • 参考咨询
  • 我的图书馆
  • 登录
  • 详细信息显示
  • 放入我的书架
  • 预约/预借图书
  • 作者相关作品
  • 分类相关作品
  • 丛书相关作品
  • 出版社相关作品

书目信息

  • 表格格式
  • 工作单格式
  • 卡片格式
题名:
聋儿主题教育康复活动
    
 
作者: 卢红云 著
分册: 下   启蒙篇
出版信息: 上海   上海社会科学院出版社  2013.12
页数: 143页
开本: 24cm
丛书名: 言语听觉障碍儿童综合康复丛书
单 册:
中图分类: G762.4
科图分类:
主题词: 听力障碍--儿童教育--语言--教育康复 , 听力障碍 , 儿童教育 , 语言 , 教育康复
电子资源:
ISBN: 978-7-5520-0316-1
000 01284oam2 2200325 450
001 0108153918
005 20210322101141.36
010    @a978-7-5520-0316-1@dCNY34.00
100    @a20140429d2013 em y0chiy50 ea
101 0  @achi
102    @aCN@b310000
105    @ay z 000yy
106    @ar
200 1  @a聋儿主题教育康复活动@Along er zhu ti jiao yu kang fu huo dong@h下@i启蒙篇@f卢红云[等]著
210    @a上海@c上海社会科学院出版社@d2013.12
215    @a143页@d24cm
225 2  @a言语听觉障碍儿童综合康复丛书
300    @a国家出版基金项目2012年国家出版基金资助隶属华东师范大学言语听觉科学教育部重点实验室、全国特殊教育学校“医教结合”实验基地项目成果,获美国西雅图言语听觉基金会资助
304    @a著者还有:孙韡郡、周静、杜晓新、周红省
330    @a本书汇集了6个与儿童生活息息相关的主题,内含简单易懂的娃娃、妈妈、鼻子等教育训练内容,按照主题教育教案、康复活动设计方案、日康复教育效果记录表3种形式介绍聋儿主题教育康复活动。
461  0 @12001 @a言语听觉障碍儿童综合康复丛书
606 0  @a听力障碍@x儿童教育@x语言@x教育康复
606 0  @a听力障碍
606 0  @a儿童教育
606 0  @a语言
606 0  @a教育康复
690    @aG762.4@v5
701  0 @a卢红云@Alu hong yun@4著@c(女,@f1970~)
801  0 @aCN@bBJSZM@c20210308
905    @b1273367-70@dG762.4@e304:2@f4
    
    聋儿主题教育康复活动.下.启蒙篇/卢红云[等]著.-上海:上海社会科学院出版社,2013.12
    143页;24cm.-(言语听觉障碍儿童综合康复丛书)
    国家出版基金项目2012年国家出版基金资助隶属华东师范大学言语听觉科学教育部重点实验室、全国特殊教育学校“医教结合”实验基地项目成果,获美国西雅图言语听觉基金会资助
    
    ISBN 978-7-5520-0316-1:CNY34.00
    本书汇集了6个与儿童生活息息相关的主题,内含简单易懂的娃娃、妈妈、鼻子等教育训练内容,按照主题教育教案、康复活动设计方案、日康复教育效果记录表3种形式介绍聋儿主题教育康复活动。
●
相关链接 在E读中查询图书 在五车中查询图书 在当当中查询图书 在豆瓣中查询图书


正题名:聋儿主题教育康复活动     索取号:G762.4/304:2         预约/预借

序号 登录号 条形码 馆藏地/架位号 状态 备注
1 1273367   212733675   第一样本阅览室/ [索取号:G762.4/304:2] 在馆    
2 1273368   212733684   教育系资料室/ [索取号:G762.4/304:2] 在馆    
3 1273369   212733693   教育系资料室/ [索取号:G762.4/304:2] 在馆    
4 1273370   212733700   第四借阅区/ [索取号:G762.4/304:2] 在馆    
唐山师范学院图书馆 欢迎您!
大连网信软件有限公司© 版权所有